000 00362nam a2200133Ia 4500
005 20251222143300.0
008 251222s9999||||xx |||||||||||||| ||spa||
020 _a84-7908-026-4
082 _a935.01/G72
100 _aGonzáles Prats, Alfredo
245 0 _aLa Edad del Cobre en Mesopotamia (5500-3000 a.c.):
264 _bUniversidad de Alicante
942 _cLIB
999 _c15318
_d15318